このライトノベルがすごい! 作品部門1位 - Statistics

General Stats
  • This quiz has been taken 14 times
  • The average score is 4 of 20
Answers on the Grid
Answers color-coded by a green-red scale on the quiz's grid according to % correct below.
涼宮ハルヒシリーズ
戯言シリーズ
狼と香辛料
フルメタル・パニック!
バカとテストと召喚獣
とある魔術の禁書目録
ソードアート・オンライン
やはり俺の青春ラブコメはまちがっている。
りゅうおうのおしごと!
オーバーロード
本好きの下剋上
錆喰いビスコ
七つの魔剣が支配する
千歳くんはラムネ瓶のなか
佐々木とピーちゃん
ようこそ実力至上主義の教室へ
お隣の天使様にいつの間にか駄目人間にされていた件
負けヒロインが多すぎる!
魔導具師ダリヤはうつむかない
異修羅
バッカーノ!
キノの旅
とらドラ!
半分の月がのぼる空
灼眼のシャナ
〈物語〉シリーズ
生徒会の一存
ベン・トー
僕は友達が少ない
俺の妹がこんなに可愛いわけがない
デュラララ!!
神様のメモ帳
六花の勇者
ダンジョンに出会いを求めるのは間違っているだろうか
はたらく魔王さま!
ノーゲーム・ノーライフ
冴えない彼女の育てかた
Re:ゼロから始める異世界生活
無職転生 〜異世界行ったら本気だす〜
86-エイティシックス-
ゲーマーズ!
妹さえいればいい。
蜘蛛ですが、なにか?
転生したらスライムだった件
魔女の旅々
弱キャラ友崎くん
幼なじみが絶対に負けないラブコメ
陰の実力者になりたくて!
スパイ教室
時々ボソッとロシア語でデレる隣のアーリャさん
 
Answer Stats
Answer % Correct
ようこそ実力至上主義の教室へ
50%
お隣の天使様にいつの間にか駄目人間にされていた件
42%
涼宮ハルヒシリーズ
33%
やはり俺の青春ラブコメはまちがっている。
33%
オーバーロード
33%
とある魔術の禁書目録
25%
本好きの下剋上
25%
千歳くんはラムネ瓶のなか
25%
負けヒロインが多すぎる!
25%
りゅうおうのおしごと!
17%
七つの魔剣が支配する
17%
戯言シリーズ
8%
狼と香辛料
8%
フルメタル・パニック!
8%
バカとテストと召喚獣
8%
ソードアート・オンライン
8%
錆喰いビスコ
8%
佐々木とピーちゃん
8%
魔導具師ダリヤはうつむかない
8%
異修羅
8%
No matching quizzes found
Score Distribution
Percent of People with Each Score
Percentile by Number Answered
Your Score History
You have not taken this quiz